[Event "AUTO-ELITE-2594"]
[Site "http://www.queenalice.com/game.php?id=1863265"]
[Date "2025.9.21"]
[Round "1"]
[White "arvo1938"]
[Black "trompmaster"]
[Result "0-1"]
[WhiteElo "2287"]
[BlackElo "2338"]

1. c4 Nf6 2. d4 e6 3. Nc3 Bb4 4. Qc2 b6 5. Bd2 Bb7 6. Nf3 O-O 7. a3 Bxc3 8. bxc3
Be4 9. Qb2 Nc6 10. Bg5 h6 11. Bh4 Bxf3 12. exf3 e5 13. O-O-O exd4 14. cxd4 d5
15. Bd3 Na5 16. cxd5 Qd6 17. Bxf6 Qxf6 18. Kb1 Rad8 19. Be4 Nc4 20. Qb3 b5 21.
Ka2 Rb8 22. h4 Rb6 23. Qc3 Ra6 24. g4 Rxa3+ 25. Qxa3 Nxa3 26. Kxa3 h5 27. g5
Qd6+ 28. Kb3 a5 29. Rd3 a4+ 30. Ka2 b4 31. Kb2 b3 32. Ra1 Qb4 33. Rdd1 Ra8 34.
Ra3 Ra5 0-1

[Event "AUTO-ELITE-2594"]
[Site "http://www.queenalice.com/game.php?id=1863266"]
[Date "2025.9.21"]
[Round "1"]
[White "trompmaster"]
[Black "arvo1938"]
[Result "1-0"]
[WhiteElo "2348"]
[BlackElo "2285"]

1. d4 Nf6 2. Nf3 e6 3. e3 d5 4. Bd3 Be7 5. Nbd2 c5 6. b3 Nc6 7. O-O cxd4 8. exd4
O-O 9. c3 Qc7 10. Re1 b6 11. Bb2 Bb7 12. b4 Bd6 13. Qe2 a5 14. a3 Nd7 15. Rac1
Qd8 16. b5 Ne7 17. c4 Ng6 18. g3 Rc8 19. h4 dxc4 20. Nxc4 Nf6 21. Nfe5 Bxe5 22.
dxe5 Nd7 23. h5 Nc5 24. Nd6 Nxd3 25. Rxc8 Bxc8 26. Qxd3 Ne7 27. h6 g6 28. Bc1
Nd5 29. Ne4 Bb7 30. Bg5 Qb8 31. Bf6 Nc7 32. Nd6 Nd5 33. Bg7 Rd8 34. Ne4 f5 35.
exf6 Qc8 36. Qd4 Qd7 37. Ng5 Nxf6 38. Qxf6 1-0

[Event "AUTO-MASTER-3282"]
[Site "http://www.queenalice.com/game.php?id=1863319"]
[Date "2025.9.24"]
[Round "1"]
[White "maurice916"]
[Black "arvo1938"]
[Result "0-1"]
[WhiteElo "1763"]
[BlackElo "2290"]

1. Nf3 d5 2. b3 Nf6 3. Bb2 e6 4. e3 Be7 5. d4 c5 6. c4 O-O 7. Nc3 cxd4 8. exd4
Nc6 9. cxd5 Nxd5 10. Be2 Bb4 11. O-O Nxc3 12. Bxc3 Bxc3 13. Rb1 Nxd4 14. Nxd4
Qxd4 15. Qc2 Qf6 16. Bd3 g6 17. Rbd1 Bd4 18. Kh1 e5 19. f3 Rd8 20. f4 exf4 21.
Rde1 Bg4 22. g3 f3 23. Re4 Be6 24. Rf4 Qe5 25. Re4 Qd6 26. Rh4 Rac8 27. Qd2 Bc3
28. Qh6 Qxd3 29. Qxh7+ Kf8 0-1

[Event "AUTO-MASTER-3282"]
[Site "http://www.queenalice.com/game.php?id=1863320"]
[Date "2025.9.24"]
[Round "1"]
[White "arvo1938"]
[Black "maurice916"]
[Result "1-0"]
[WhiteElo "2289"]
[BlackElo "1786"]

1. e4 c6 2. d4 d5 3. exd5 cxd5 4. Nf3 Nf6 5. c4 Be6 6. c5 Nc6 7. Bb5 Rc8 8. Nc3
Bd7 9. O-O e6 10. Bg5 Be7 11. Re1 O-O 12. a3 a6 13. Bd3 b5 14. b4 Re8 15. Ne5
Na7 16. Bxf6 Bxf6 17. Bxh7+ Kf8 18. Nxf7 Kxf7 19. Qh5+ Ke7 20. Nxd5+ 1-0

[Event "AUTO-MASTER-3282"]
[Site "http://www.queenalice.com/game.php?id=1863335"]
[Date "2025.9.24"]
[Round "1"]
[White "arvo1938"]
[Black "JailtonMaster"]
[Result "0-1"]
[WhiteElo "2275"]
[BlackElo "2157"]

1. e4 e5 2. Nf3 Nc6 3. Bb5 a6 4. Bxc6 dxc6 5. O-O Bd6 6. d4 exd4 7. Qxd4 f6 8.
Be3 Ne7 9. Qc4 b5 10. Qb3 c5 11. c4 b4 12. a3 Be6 13. axb4 Rb8 14. Qa4+ Bd7 15.
Qc2 Rxb4 16. Ne1 Be6 17. Nd2 Qb8 18. Nd3 Rb6 19. b4 c6 20. bxc5 Bxh2+ 21. Kh1
Rb7 22. f4 Bg3 23. Rf3 Bh4 24. g3 Bg4 25. Rf2 Bxg3 26. Rg2 g5 27. Rxg3 h5 28.
fxg5 Qxg3 29. Bf2 Bf3+ 30. Nxf3 Qxf3+ 0-1

[Event "AUTO-MASTER-3282"]
[Site "http://www.queenalice.com/game.php?id=1863336"]
[Date "2025.9.24"]
[Round "1"]
[White "JailtonMaster"]
[Black "arvo1938"]
[Result "0-1"]
[WhiteElo "2143"]
[BlackElo "2277"]

1. d4 d5 2. c4 c6 3. Nc3 Nf6 4. Nf3 e6 5. Bg5 Be7 6. e3 O-O 7. Bd3 dxc4 8. Bxc4
Qb6 9. Qc2 h6 10. Bh4 c5 11. O-O cxd4 12. Nxd4 Nc6 13. Nxc6 bxc6 14. a3 Ba6 15.
Bxa6 Qxa6 16. Rac1 Rfd8 17. Ne4 g5 18. Bg3 Nxe4 19. Qxe4 Rd5 20. h4 Rad8 21.
hxg5 hxg5 22. Be5 f5 23. Qf3 Rxe5 24. Qh5 Kg7 25. Qf3 c5 26. b4 cxb4 27. Rc7 Qd6
0-1

[Event "AUTO-MASTER-3282"]
[Site "http://www.queenalice.com/game.php?id=1863337"]
[Date "2025.9.24"]
[Round "1"]
[White "arvo1938"]
[Black "raulzampronha"]
[Result "0-1"]
[WhiteElo "2258"]
[BlackElo "2228"]

1. b3 e5 2. e4 Nf6 3. Nc3 Bc5 4. Bd3 O-O 5. Nf3 Re8 6. O-O Nc6 7. Na4 Bf8 8. c4
d6 9. Nc3 Bg4 10. Be2 Bxf3 11. Bxf3 Nd4 12. d3 Nd7 13. Be3 Nc5 14. Bg4 Nce6 15.
Ne2 g6 16. Nxd4 Nxd4 17. f4 Bh6 18. Bxd4 exd4 19. Rb1 a5 20. a4 Qe7 21. Qf3 Rf8
22. Qf2 c5 23. f5 Be3 0-1

[Event "AUTO-MASTER-3282"]
[Site "http://www.queenalice.com/game.php?id=1863338"]
[Date "2025.9.24"]
[Round "1"]
[White "raulzampronha"]
[Black "arvo1938"]
[Result "1/2-1/2"]
[WhiteElo "2179"]
[BlackElo "2291"]

1. e4 e5 2. Nf3 Nc6 3. d4 exd4 4. Nxd4 Nxd4 5. Qxd4 Qf6 6. e5 Qb6 7. Qxb6 axb6
8. Nc3 f6 9. Nd5 Kd8 10. exf6 Nxf6 11. Nxf6 gxf6 12. Bd3 d5 13. O-O Bd6 14. Be3
1/2-1/2

[Event "AUTO-MASTER-3285"]
[Site "http://www.queenalice.com/game.php?id=1864388"]
[Date "2025.10.16"]
[Round "1"]
[White "arvo1938"]
[Black "MarcosT"]
[Result "1-0"]
[WhiteElo "2254"]
[BlackElo "2136"]

1. d4 d5 2. Nf3 e6 3. Bg5 Be7 4. Bxe7 Nxe7 5. e3 Nbc6 6. Bb5 Bd7 7. Nc3 a6 8.
Bd3 f5 9. Ne2 Nb4 10. O-O Nxd3 11. Qxd3 O-O 12. Ne5 Bb5 13. c4 dxc4 14. Qc2 Qd5
15. Nf4 Qe4 16. Qxe4 fxe4 17. Nxe6 Rfc8 18. Rfc1 Ng6 19. Nxg6 hxg6 20. a4 Bc6
21. Nf4 g5 22. Ng6 Kh7 23. Ne7 Rcb8 24. Rxc4 Be8 25. Rxc7 b5 26. a5 Bf7 27. Rac1
Bc4 28. Nf5 Kg6 29. g4 Bf7 30. R1c6+ 1-0

[Event "AUTO-MASTER-3285"]
[Site "http://www.queenalice.com/game.php?id=1864389"]
[Date "2025.10.16"]
[Round "1"]
[White "MarcosT"]
[Black "arvo1938"]
[Result "0-1"]
[WhiteElo "2149"]
[BlackElo "2245"]

1. d4 Nf6 2. e3 d5 3. Nd2 c5 4. c3 cxd4 5. cxd4 Nc6 6. Bd3 e5 7. dxe5 Nxe5 8.
Bb5+ Bd7 9. Bxd7+ Qxd7 10. Ngf3 Nd3+ 11. Ke2 Qb5 12. Nd4 Qa6 13. Qc2 Nb4+ 0-1

[Event "AUTO-MASTER-3285"]
[Site "http://www.queenalice.com/game.php?id=1864390"]
[Date "2025.10.16"]
[Round "1"]
[White "arvo1938"]
[Black "Fredo"]
[Result "1-0"]
[WhiteElo "2268"]
[BlackElo "2062"]

1. d4 Nf6 2. c4 g6 3. Nc3 d5 4. e3 Bg7 5. Nf3 O-O 6. cxd5 Nxd5 7. Be2 Nxc3 8.
bxc3 c5 9. O-O Nc6 10. Rb1 cxd4 11. cxd4 b6 12. Ba3 Bb7 13. Qa4 Na5 14. Nd2 Re8
15. Bb5 Rf8 16. Nc4 Nxc4 17. Bxc4 Re8 18. f3 a6 19. Qb3 e6 20. Qxb6 Qxb6 21.
Rxb6 Bd5 22. Bxd5 exd5 23. Kf2 Bf8 24. Bxf8 Kxf8 25. Rfb1 Rec8 26. R1b2 Rc3 27.
e4 dxe4 28. fxe4 Rd3 29. d5 h5 30. a4 Rd4 31. R2b4 Rd3 32. h4 Ra7 33. Rc4 Ra8
34. Rc7 Rd4 35. Ke3 Rxa4 36. Rbb7 Ra3+ 37. Kf4 1-0

[Event "AUTO-MASTER-3285"]
[Site "http://www.queenalice.com/game.php?id=1864391"]
[Date "2025.10.16"]
[Round "1"]
[White "Fredo"]
[Black "arvo1938"]
[Result "0-1"]
[WhiteElo "2070"]
[BlackElo "2262"]

1. d4 d5 2. Nf3 Nf6 3. e3 Bg4 4. c4 Nc6 5. Nc3 e6 6. a3 Be7 7. cxd5 Nxd5 8. Be2
O-O 9. O-O Bxf3 10. Bxf3 Nxc3 11. bxc3 Na5 12. Qc2 c5 13. Bd2 Rb8 14. Rab1 Qc7
15. Rfc1 Bd6 16. g3 Nc4 17. Qa2 Nxd2 18. Qxd2 b5 19. Be2 Rfc8 20. Bxb5 g6 21. a4
Rd8 22. Qc2 cxd4 23. cxd4 Qxc2 24. Rxc2 a6 25. Rc6 axb5 26. axb5 Bf8 27. b6 Rd6
28. Rxd6 Bxd6 29. b7 Kf8 30. e4 Ke8 31. Rb6 Kd7 32. e5 Bc7 33. Rb5 Kc6 34. Rc5+
Kxb7 35. f4 Bb6 36. Rc4 Rd8 0-1

[Event "AUTO-ELITE-2596"]
[Site "http://www.queenalice.com/game.php?id=1864616"]
[Date "2025.10.21"]
[Round "1"]
[White "arvo1938"]
[Black "trompmaster"]
[Result "0-1"]
[WhiteElo "2274"]
[BlackElo "2346"]

1. d4 e6 2. c4 Nf6 3. Nc3 Bb4 4. e3 c5 5. Nf3 O-O 6. Bd3 d5 7. O-O Nc6 8. a3
Bxc3 9. bxc3 b6 10. Bb2 Ba6 11. cxd5 Bxd3 12. Qxd3 Qxd5 13. c4 Qe4 14. Qd1 Rfd8
15. Qa4 cxd4 16. Nxd4 Ne5 17. Rfd1 Nfd7 18. Nb5 Qxc4 19. Qxc4 Nxc4 20. Bc3 a6
21. Nd4 Rac8 22. Bb4 Nde5 23. h3 a5 24. Be1 Nb2 25. Rdc1 Ned3 26. Rxc8 Rxc8 27.
f4 Nxe1 28. Rxe1 Rc3 29. Re2 Nc4 30. Rc2 Rxc2 31. Nxc2 Kf8 32. Kf2 Ke7 33. Kf3
Kd6 34. Ke4 Kc5 35. Kd3 h5 36. g3 b5 37. e4 Nb2+ 38. Kc3 Nd1+ 39. Kd2 Nf2 0-1

[Event "AUTO-ELITE-2596"]
[Site "http://www.queenalice.com/game.php?id=1864617"]
[Date "2025.10.21"]
[Round "1"]
[White "trompmaster"]
[Black "arvo1938"]
[Result "1-0"]
[WhiteElo "2356"]
[BlackElo "2264"]

1. c4 e5 2. Nc3 Bb4 3. Nd5 Be7 4. g3 Nf6 5. Nxe7 Qxe7 6. Bg2 O-O 7. d3 c6 8. Bg5
h6 9. Bxf6 Qxf6 10. Qd2 d6 11. e3 Bf5 12. Ne2 Nd7 13. e4 Bh7 14. f4 Qd8 15. O-O
f5 16. b3 fxe4 17. dxe4 Nf6 18. f5 d5 19. exd5 cxd5 20. cxd5 Qb6+ 21. Kh1 Ng4
22. h3 Ne3 23. g4 Nxf1 24. Rxf1 Rad8 25. Ng3 Qd4 26. Qe2 Rxd5 27. Bxd5+ Qxd5+
28. Kh2 Rd8 29. Rf2 Kh8 30. Ne4 b6 31. g5 Qd1 32. g6 Bg8 33. Ng3 Qxe2 34. Rxe2
Rd5 35. Nf1 e4 36. Ne3 Rd8 37. Kg3 Rd4 38. Rc2 h5 39. Kf4 b5 40. Rg2 Rd7 41. Rg5
Bd5 42. f6 gxf6 43. Rxd5 Rb7 44. Nf5 Kg8 45. Rd8# 1-0

[Event "AUTO-ELITE-2596"]
[Site "http://www.queenalice.com/game.php?id=1864618"]
[Date "2025.10.21"]
[Round "1"]
[White "arvo1938"]
[Black "raulzampronha"]
[Result "1/2-1/2"]
[WhiteElo "2255"]
[BlackElo "2230"]

1. d4 d5 2. c4 c6 3. e3 Nf6 4. Nc3 a6 5. Bd3 dxc4 6. Bxc4 b5 7. Be2 e6 8. Nf3 c5
9. O-O Bb7 10. dxc5 Qxd1 11. Bxd1 Bxc5 12. b3 O-O 13. Bb2 Rd8 14. Bc2 Nc6 15.
Ne4 Be7 16. Nxf6+ Bxf6 17. Bxf6 gxf6 18. Be4 f5 19. Bxc6 Bxc6 20. Nd4 Bd5 21.
Rfd1 Bb7 22. Rac1 Rac8 23. f3 Rxc1 24. Rxc1 Rc8 25. Rxc8+ Bxc8 26. Kf2 f6 27.
Nc6 Kf7 28. b4 e5 29. a3 Ke6 30. Ke2 Kd6 31. Na5 Kd5 32. h4 f4 33. e4+ Kd6 34.
Nb3 f5 35. Kf2 fxe4 36. fxe4 Kc6 37. Kf3 h5 38. Na5+ 1/2-1/2

[Event "AUTO-ELITE-2596"]
[Site "http://www.queenalice.com/game.php?id=1864619"]
[Date "2025.10.21"]
[Round "1"]
[White "raulzampronha"]
[Black "arvo1938"]
[Result "1-0"]
[WhiteElo "2229"]
[BlackElo "2225"]

1. e4 e5 2. Nf3 Nc6 3. d4 exd4 4. Nxd4 Nxd4 5. Qxd4 d6 6. Nc3 Qf6 7. Be3 Qxd4 8.
Bxd4 c6 9. O-O-O Bd7 10. f3 Nf6 11. Bf2 Be6 12. Bg3 O-O-O 13. Ne2 d5 14. e5 Nd7
15. f4 Bf5 16. Nd4 Be4 17. Rd2 Nc5 18. Bd3 Re8 19. Nb3 Nxd3+ 20. cxd3 Bg6 21.
Bf2 f6 22. exf6 gxf6 23. Bxa7 Bb4 24. Rdd1 Ba5 25. Nxa5 Kc7 26. Bd4 b6 27. Nb3
Rhf8 28. Kd2 c5 29. Bf2 d4 30. Rhe1 Kd6 31. Rxe8 Rxe8 32. Re1 f5 33. Rxe8 Bxe8
34. Kc2 h5 35. Nd2 b5 36. b4 cxb4 37. Bxd4 Kd5 38. Bg7 Bc6 39. Nb3 Kd6 40. Bf8+
Kd5 41. Bxb4 Be8 42. Kd2 Bg6 43. Ke3 Bf7 44. Nc1 Be8 45. Ne2 h4 46. Nc3+ 1-0

[Event "AUTO-OPEN-4612"]
[Site "http://www.queenalice.com/game.php?id=1865791"]
[Date "2025.11.19"]
[Round "2"]
[White "raulzampronha"]
[Black "arvo1938"]
[Result "1-0"]
[WhiteElo "2247"]
[BlackElo "2237"]

1. e4 d5 2. exd5 Qxd5 3. Nc3 Qd8 4. d4 Nf6 5. Nf3 e6 6. Bg5 Be7 7. Qd2 O-O 8.
O-O-O Nc6 9. h4 h6 10. Be3 Bb4 11. Qd3 Qe7 12. Ne5 Nxe5 13. dxe5 Nh7 14. Rh3 b6
15. Qe4 Rb8 16. Bd3 f5 17. exf6 Nxf6 18. Qg6 Qf7 19. Nb5 a6 20. Nd4 Qxg6 21.
Bxg6 Bd6 22. Nc6 Ra8 23. Bxb6 cxb6 24. Rxd6 e5 25. Nxe5 Bxh3 26. gxh3 b5 27. a4
Rfc8 28. a5 Rd8 29. Rb6 Nd5 30. Bf7+ Kf8 31. Rb7 Nf4 32. Bb3 Ne2+ 33. Kb1 Rd1+
34. Ka2 Nc1+ 35. Ka3 Nxb3 36. Kxb3 Rh1 37. c3 Rxh3 38. Ng6+ Ke8 39. Rxg7 Rc8 40.
Rg8+ Kd7 41. Ne5+ Kc7 42. Rg6 b4 43. Rxh6 bxc3 44. bxc3 Rb8+ 45. Kc2 Rf8 46.
Rxa6 Rxf2+ 47. Kb3 Rxh4 48. Rc6+ Kb7 49. Rb6+ Kc8 50. a6 Rhh2 51. a7 Rb2+ 52.
Kc4 Ra2 53. Rb8+ Kc7 54. a8=Q Rxa8 55. Rxa8 Rd2 56. Kc5 Kb7 57. Ra4 Re2 58. Nc4
Rc2 59. Kd4 Kc6 60. Ra6+ Kc7 61. Ne3 Rd2+ 62. Kc5 Rh2 63. Ra7+ Kb8 64. Re7 Rh5+
65. Nd5 1-0

[Event "AUTO-OPEN-4612"]
[Site "http://www.queenalice.com/game.php?id=1865792"]
[Date "2025.11.19"]
[Round "2"]
[White "arvo1938"]
[Black "raulzampronha"]
[Result "1-0"]
[WhiteElo "2226"]
[BlackElo "2257"]

1. e4 c5 2. Nf3 Nc6 3. d4 cxd4 4. Nxd4 Nf6 5. Nc3 e5 6. Ndb5 d6 7. Nd5 Nxd5 8.
exd5 Nb8 9. Be2 Be7 10. c4 a6 11. Nc3 O-O 12. O-O f5 13. a4 a5 14. c5 dxc5 15.
Nb5 Na6 16. d6 Bf6 17. Qd5+ Kh8 18. Rd1 Bd7 19. Qxb7 Nb4 20. Bd2 Bc6 21. Qc7 Qd7
22. Qxd7 Bxd7 23. Rac1 Rac8 24. b3 Bd8 25. Be3 Bb6 26. Bd2 Nc6 27. Bc4 Nd4 28.
Bg5 h6 29. Be7 Rfe8 30. Re1 e4 31. Bf7 Nxb5 32. axb5 Bxb5 33. g4 Bd7 34. gxf5
1-0